Petrografia /
Uložené v:
| Hlavný autor: | |
|---|---|
| Médium: | Kniha |
| Jazyk: | Slovak |
| Vydané: |
Bratislava :
Alfa,
1977.
|
| Vydanie: | 2. vyd. |
| Edícia: | Dočasná vysokoškolská učebnica
|
| ISBN: |
(brož.) |
| Fyzický popis: |
114 s. : obr. |
| Tagy: |
Pridať tag
Žiadne tagy, Buďte prvý kto otaguje tento záznam!
|
Titul je dostupný aj v ... 

MARC
| LEADER | 00000nam a22000001a 4500 | ||
|---|---|---|---|
| 001 | 000234708 | ||
| 005 | 20251202081721.0 | ||
| 008 | 040831s1977 xo slo d | ||
| 020 | |a (brož.) |c Kčs 9,50 | ||
| 040 | |a SVKKK |b slo |c SVKKK |e AACR2 | ||
| 041 | 0 | |a slo | |
| 044 | |a xo |c SK | ||
| 100 | 1 | |a Zorkovský, Vojtech, |d 1920- |4 aut | |
| 245 | 1 | 0 | |a Petrografia / |c Vojtech Zorkovský. |
| 250 | |a 2. vyd. | ||
| 260 | |a Bratislava : |b Alfa, |c 1977. | ||
| 300 | |a 114 s. : |b obr. | ||
| 490 | 1 | |a Dočasná vysokoškolská učebnica | |
| 500 | |a Vydala Vysoká škola technická, Fakulta banícka, Košice | ||
| 910 | |a svkkk | ||
| 998 | |a BK | ||
| 090 | |g SCKHL |k Sklad Pribinova 3. posch. |a V.111568 |j 564388 |i 2720208011 |4 Multiplikát |s Návrh na vyradenie | ||
| 090 | |g SCKHL |k Sklad Pribinova 3. posch. |a V.111569 |j 564389 |i 234708-20 |4 Multiplikát |s Návrh na vyradenie | ||
| 090 | |g SCKHL |k Sklad Pribinova 3. posch. |a V.111570 |j 564390 |i 234708-30 |4 Multiplikát |s Návrh na vyradenie | ||
| 090 | |g SCKHL |k Sklad Pribinova 3. posch. |a V.111571 |j 564391 |i 2720632484 |s Absenčne | ||
| 090 | |g SCKHL |k Sklad Pribinova 3. posch. |a V.111572 |j 564392 |i 2720632483 |s Absenčne | ||
| 090 | |g SCKHL |k Sklad Pribinova 3. posch. |a V.115789 |j 586047 |i 234708-60 |4 Multiplikát |s Vyradená | ||
| 090 | |g SCKHL |k Sklad Pribinova 3. posch. |a V.115790 |j 586048 |i 234708-70 |4 Multiplikát |s Vyradená | ||